Les films d'animations les plus célèbres - Statistiques

Statistiques générales
  • Ce quiz a été pris 286 fois
    227 depuis la dernière actualisation
  • Le résultat moyen est 60 sur 187
Statistiques - réponses
Studios Réponse % Correct
Disney Cendrillon
87%
Disney Blanche-Neige et les Septs Nains
86%
Pixar Toy Story
81%
Disney La Belle et la Bête
74%
Disney Raiponce
74%
Pixar Cars
73%
Disney Mulan
70%
DreamWorks Shrek
70%
Disney La Petite Sirène
69%
Disney La Reine des Neiges
69%
Disney Le Roi Lion
68%
Pixar Rebelle
68%
Pixar Toy Story 2
68%
Disney Aladdin
67%
Disney La Belle au bois dormant
66%
Pixar Toy Story 3
66%
Pixar Toy Story 4
66%
DreamWorks Shrek 2
64%
Disney Vaiana - La légende du bout du monde
63%
Pixar Cars 2
62%
DreamWorks Shrek le troisième
62%
Disney Bambi
61%
Disney Peter Pan
61%
Pixar Coco
60%
Pixar Là-haut
60%
Pixar Cars 3
59%
Pixar Le Monde de Nemo
59%
Illumination Les Minions
59%
Illumination Moi, moche et méchant
59%
Disney La Princesse et la Grenouille
58%
Disney Pinocchio
58%
Disney Pocahontas - Une légende indienne
58%
DreamWorks Shrek 4 : Il était une fin
58%
Pixar Vice-versa
58%
Disney La Belle et le Clochard
57%
Pixar Les Indestructibles
57%
Disney Dumbo
55%
Disney Les 101 Dalmatiens
55%
Disney Fantasia
54%
Pixar Ratatouille
53%
Pixar Le Monde de Dory
52%
Disney Le Livre de la jungle
51%
Disney Les Aristochats
51%
Disney La Reine des neiges 2
50%
Disney Le Roi Lion 2 : L'Honneur de la tribu
50%
DreamWorks Madagascar
50%
Disney Tarzan
50%
DreamWorks Dragons
48%
Illumination Moi, moche et méchant 2
48%
Disney Rox et Rouky
48%
Pixar Les Indestructibles 2
47%
Illumination Moi, moche et méchant 3
47%
Disney Encanto
46%
Pixar Wall-E
46%
Disney Zootopie
46%
Pixar 1001 Pattes
44%
Disney Hercule
44%
DreamWorks Kung Fu Panda
44%
DreamWorks Dragons 2
43%
Disney Mulan 2 : La Mission de l'empereur
43%
DreamWorks Dragons 3 : Le Monde caché
41%
Disney Le Bossu de Notre-Dame
41%
Pixar Luca
41%
Disney La Petite Sirène 2 : Retour à l'océan
40%
DreamWorks Madagascar 2
40%
Disney Lilo & Stitch
39%
DreamWorks Madagascar 3 : Bons baisers d'Europe
39%
Disney Robin des Bois
39%
Pixar Soul
39%
Disney Cendrillon 2 : Une vie de princesse
38%
DreamWorks Kung Fu Panda 2
38%
Disney Les Mondes de Ralph
38%
Disney Merlin l'Enchanteur
38%
DreamWorks Kung Fu Panda 3
37%
DreamWorks Le Chat potté
37%
Disney Les Nouveaux Héros
37%
Disney Frère des ours
36%
Disney Winnie l'Ourson
36%
Illumination Les Minions 2 : Il était une fois Gru
35%
Disney Alice au pays des merveilles
33%
Disney Peter Pan 2 : Retour au pays imaginaire
33%
Disney Pocahontas 2 Un monde nouveau
33%
Disney Chicken Little
30%
Pixar Le Voyage d'Arlo
30%
Pixar Monstres Academy
29%
Pixar En avant
28%
DreamWorks Fourmiz
28%
Disney La Fée Clochette
28%
DreamWorks Le Chat potté 2
28%
Disney Planes
28%
Disney Tarzan 2 - L'Enfance d'un héros
28%
Disney Bambi 2 : Le Prince de la forêt
27%
Pixar Alerte Rouge
26%
Disney Le Livre de la jungle 2
26%
Disney Le Retour de Jafar
26%
Disney Les 101 Dalmatiens 2 : Sur la trace des héros
26%
Disney Rox et Rouky 2
26%
Illumination Tous en scène
26%
Disney La Belle et la Bête 2 : Le Noël enchanté
25%
Disney La ferme se rebelle
25%
DreamWorks Baby Boss
24%
Disney Le Sortilège de Cendrillon
24%
Pixar Buzz l'éclair
23%
Disney La Belle et le Clochard 2 : L'appel de la rue
23%
Disney Lilo & Stitch 2 : Hawaï, nous avons un problème !
23%
DreamWorks Megamind
23%
Illumination Tous en scène 2
23%
DreamWorks Les Croods
22%
Disney Ralph 2.0
22%
Disney Aladdin et le Roi des voleurs
21%
DreamWorks Bee Movie : Drôle d'abeille
21%
Disney Dinosaure
21%
Disney Fantasia 2000
21%
Disney Frère des ours 2
21%
DreamWorks Gang de requins
21%
Disney Mary Poppins
21%
DreamWorks Turbo
21%
Illumination Comme des bêtes
20%
DreamWorks Les Trolls
20%
Disney Raya et le Dernier Dragon
20%
DreamWorks Chicken Run
19%
Disney Les Trois Caballeros
19%
Pixar Monstres & Cie
19%
Disney Planes 2
19%
Disney Taram et le Chaudron magique
19%
DreamWorks Baby Boss 2 : Une affaire de famille
18%
DreamWorks Les Croods 2
18%
Disney Bienvenue chez les Robinson
17%
Disney Kuzco, l'empereur mégalo
17%
Disney Le Secret de la Petite Sirène
17%
DreamWorks Monstres contre Aliens
17%
DreamWorks Nos voisins, les hommes
17%
Disney Volt, star malgré lui
17%
Disney Les Aventures de Bernard et Bianca
16%
DreamWorks Les Pingouins de Madagascar
16%
Disney Saludos Amigos
16%
Disney Atlantide, l'empire perdu
15%
Illumination Comme des bêtes 2
15%
DreamWorks En route !
15%
DreamWorks Les Cinq Légendes
15%
Disney Basil, détective privé
14%
Disney Coquin de printemps
14%
DreamWorks Les Trolls 2 : Tournée mondiale
14%
Disney Mélodie Cocktail
14%
DreamWorks Souris City
14%
DreamWorks Abominable
12%
Disney Kuzco 2 : King Kong
12%
Disney La Boîte à musique
12%
Disney Le Crapaud et le Maître d'école
12%
Illumination Le Lorax
12%
DreamWorks Le Prince d'Egypte
12%
Disney Mélodie du Sud
12%
Disney Winnie l'Ourson 2 - Le grand voyage
12%
Disney Danny le petit mouton noir
11%
Disney Dingo et Max
11%
Illumination Le Grinch
11%
DreamWorks Les Bad Guys
10%
Disney The Wild
10%
Disney La Bande à Picsou, le film : le Trésor de la lampe perdue
9%
DreamWorks Wallace et Gromit : Le Mystère du lapin-garou
9%
Disney Bernard et Bianca au pays des kangourous
8%
Disney L'Apprentie Sorcière
8%
Disney Les Aventures de Winnie L'Ourson
8%
DreamWorks Capitaine Superslip
7%
DreamWorks La Route d'Eldorado
7%
Disney Peter et Elliott le dragon
7%
Disney Clochette et la Pierre de lune
6%
Disney Dingo et Max 2 : Les Sportifs de l'extrême
6%
Illumination Hop
6%
Disney Les aventures de Porcinet
6%
DreamWorks Spirit, l'étalon des plaines
6%
Disney Les Aventures de Petit Gourou
5%
DreamWorks Spirit : L'indomptable
5%
Disney Clochette et la Créature légendaire
4%
Disney Clochette et la Fée pirate
4%
Disney Clochette et le Secret des fées
4%
Disney Clochette et l'Expédition féerique
3%
DreamWorks Joseph, le roi des rêves
3%
Disney La Planète au trésor, un nouvel univers
3%
Disney Oliver & Compagnie
3%
DreamWorks Sinbad : La Légende des sept mers
3%
Disney Mickey, Donald, Dingo: Les Trois Mousquetaires
2%
Disney Le retour de Mary Poppins
1%
Disney Winnie l'ourson et l'Efélant
1%
Disney Le Bossu de Notre-Dame 2 : Le Secret de Quasimodo
0%
Disney Les Aventures de Tigrou et de Winnie l'ourson
0%
DreamWorks M. Peabody et Sherman : Les Voyages dans le temps
0%
Aucun quiz correspondant
Distribution des résultats
% des personnes avec chaque résultat
Percentile par nombre de réponses
Votre historique - résultats
Vous n’avez pas pris ce quiz depuis la dernière actualisation